[Event "21st Rochefort Open 2023"]
[Site "Rochefort FRA"]
[Date "2023.02.14"]
[Round "5.1"]
[White "Ghosh, D."]
[Black "Harsha, B."]
[Result "1-0"]
[WhiteElo "2553"]
[BlackElo "2599"]
[PlyCount "81"]
[EventDate "2023.02.11"]

1. Nf3 d5 2. e3 Nf6 3. c4 e6 4. Nc3 b6 5. cxd5 exd5 6. g3 Bb7 7. Bg2 Nbd7 8. O-O a6 9. b3 Bd6 10. Bb2 O-O 11. Rc1 Re8 12. Re1 ({RR} 12. Ne2 Rc8 13. Nfd4 c5 14. Nf5 Bf8 15. d4 g6 16. Nh4 Bg7 17. dxc5 bxc5 18. Nf3 a5 19. Nf4 Nb6 20. Qd3 c4 21. Qb1 Ba6 22. Rfd1 cxb3 23. axb3 Rxc1 24. Qxc1 Bb7 25. Qa1 Nbd7 26. Bd4 Qa8 {Artemiev,V (2716)-Sjugirov,S (2675) Cheliabinsk 2020 1-0}) 12... Rc8 ({RR} 12... Ne5 13. d3 Nxf3+ 14. Bxf3 Be5 15. Qc2 Qd7 16. Bg2 h5 17. Ne2 Bxb2 18. Qxb2 h4 19. Nf4 Re7 20. Rc2 Rae8 21. Rec1 Qd6 22. b4 hxg3 23. hxg3 Ng4 24. Qd4 Nf6 25. Bf3 g5 26. Nh3 Nh7 27. Bg4 {Ghosh,D (2565)-Vaishali,R (2418) chess.com INT 2023 1-0 (31)}) 13. Re2 Qe7 14. d3 c5 $146 ({RR} 14... Ba3 15. Bxa3 Qxa3 16. Rec2 c5 17. d4 c4 18. Nd2 cxb3 19. Nxb3 Qd6 20. Qd3 g6 21. a4 Kg7 22. a5 b5 {½-½ (22) Zhao,Y (2466)-Petr,M (2474) Plzen CZE 2025}) 15. d4 c4 16. bxc4 Rxc4 17. Nd2 Rcc8 18. e4 Bb4 19. e5 Bxc3 20. Rxc3 Rxc3 21. Bxc3 Ne4 22. Nxe4 dxe4 23. d5 Qc5 24. Rc2 Qb5 25. Bxe4 Nxe5 26. Re2 f6 27. Bxe5 fxe5 28. Rc2 Qd7 29. Qd3 Kh8 30. Rd2 h6 31. d6 Bxe4 32. Qxe4 b5 33. Rd5 Qe6 34. f4 Qg4 35. d7 Rd8 36. Qxe5 Qg6 37. f5 Qc6 38. Rd6 Qc1+ 39. Kg2 Kh7 40. Qe4 Kh8 41. f6 1-0

[Event "Vastgota Open 2023"]
[Site "Skara SWE"]
[Date "2023.02.19"]
[Round "7.1"]
[White "Galperin, Platon"]
[Black "Seo, Jung Min"]
[Result "1-0"]
[WhiteElo "2538"]
[BlackElo "2509"]
[PlyCount "143"]
[EventDate "2023.02.18"]

1. Nf3 d5 2. g3 Nf6 3. Bg2 e6 4. O-O Be7 5. d3 c5 6. e4 Nc6 7. Bf4 O-O 8. Ne5 Nxe5 9. Bxe5 dxe4 10. dxe4 Bd7 11. a4 $146 ({RR} 11. Qe2 Bc6 12. Rd1 Nd7 13. Bf4 Qb6 14. c4 Rfd8 15. Nc3 Nf8 16. Nb5 Bxb5 17. cxb5 a6 18. a4 axb5 19. Qxb5 Qxb5 20. axb5 Rxd1+ 21. Rxd1 Ra5 22. b6 Rb5 23. Bc7 c4 24. e5 Bc5 25. Bd6 Bxb6 {Zvjaginsev,V (2542)-Otdelnov,K (2360) St Petersburg RUS 2024 1-0 (59)}) 11... Bc6 12. Qe2 Qa5 13. Na3 Nd7 14. Bc3 Qc7 15. Nb5 Qb8 16. e5 Bxg2 17. Kxg2 Nb6 18. Ba5 Nd5 19. c4 Nb4 20. Rad1 a6 21. Nd6 Nc6 22. Bb6 Nd4 23. Rxd4 cxd4 24. c5 Bxd6 25. exd6 Qc8 26. Qe4 e5 27. b4 Qd7 28. Bc7 Ra7 29. Bb6 Raa8 30. Bc7 Ra7 31. Qxe5 Qxa4 32. Qd5 Qc6 33. Qxc6 bxc6 34. Rd1 f6 35. Rxd4 Rc8 36. Bb6 Rd7 37. Rd3 Kf7 38. Ra3 Ra8 39. Kf3 Ke6 40. Ke4 Rb7 41. Kd4 Kd7 42. Kc4 Rbb8 43. Kd4 Re8 44. f4 f5 45. Kd3 Re4 46. Ra4 h6 47. Kc3 Re3+ 48. Kd2 Re4 49. Kc3 Re2 50. Ra1 g6 51. Kd3 Re4 52. Kc3 Re3+ 53. Kd2 Re4 54. Kc3 Re2 55. Kd3 Rxh2 56. b5 cxb5 57. Re1 Rg2 58. Re7+ Kc6 59. Rc7+ Kd5 60. d7 Rxg3+ 61. Ke2 Ke6 62. c6 Rd8 63. Rb7 Rg8 64. Rc7 Rd8 65. Ra7 Rg8 66. d8=Q Rxd8 67. Bxd8 Rc3 68. Rxa6 g5 69. fxg5 hxg5 70. Ba5 Rc5 71. c7+ Kd7 72. Ra8 1-0

[Event "Titled Tue 14th Feb Early"]
[Site "chess.com INT"]
[Date "2023.02.14"]
[Round "2"]
[White "Nakamura, Hi"]
[Black "Hansen, SuB"]
[Result "1-0"]
[WhiteElo "2768"]
[BlackElo "2521"]
[PlyCount "65"]
[EventDate "2023.02.14"]

1. Nf3 Nf6 2. b3 g6 3. Bb2 Bg7 4. d4 O-O 5. e3 b6 6. g3 Bb7 7. Bg2 c5 ({RR} 7... d5 8. O-O Nbd7 9. Nbd2 c5 10. Qe2 Rc8 11. c4 dxc4 12. bxc4 e6 13. a4 Ne4 14. Nxe4 Bxe4 15. Rfd1 Qe7 16. a5 Rfd8 17. h4 h6 18. Ne1 Bxg2 19. Nxg2 Nf6 20. axb6 axb6 21. Nf4 Qb7 22. Rab1 {Caruana,F (2820)-Nepomniachtchi,I (2792) chess24.com INT 2021 ½-½ (56)}) 8. dxc5 bxc5 9. O-O $146 ({RR} 9. c4 e6 10. O-O d5 11. cxd5 exd5 12. Qc2 Nbd7 13. Nc3 Rc8 14. Rac1 d4 15. Nd1 Ba6 16. Re1 d3 17. Qb1 c4 18. Nd2 Nb6 19. Nc3 Qe7 20. Bf1 Rfd8 21. Rcd1 Rb8 22. Qa1 Ng4 23. Nd5 Nxd5 {Berggren Torell,H (2061)-Storme,I (2448) Gothenburg SWE 2023 0-1}) 9... d6 10. c4 Nbd7 11. Qc2 Qc7 12. Nc3 Rfd8 13. Rfe1 Bc6 14. e4 Qb7 15. Nd5 Re8 16. Rad1 Rab8 17. Bc3 Ra8 18. e5 Nxd5 19. cxd5 Bb5 20. e6 fxe6 21. Bxg7 Kxg7 22. dxe6 Nf6 23. Nd4 Qa6 24. Nxb5 Qxb5 25. Bxa8 Rxa8 26. Qc4 Qa5 27. Re2 Rb8 28. Rc1 Rb4 29. Qd3 Qb6 30. Rc4 Rb5 31. g4 g5 32. h4 h6 33. h5 1-0

[Event "Titled Tue 14th Feb Early"]
[Site "chess.com INT"]
[Date "2023.02.14"]
[Round "5"]
[White "Lenderman, A."]
[Black "Grigoriants, S RUS"]
[Result "1-0"]
[WhiteElo "2572"]
[BlackElo "2572"]
[PlyCount "97"]
[EventDate "2023.02.14"]

1. Nf3 d5 2. e3 Nf6 3. c4 e6 4. b3 Bd6 5. Bb2 b6 6. g3 Bb7 7. Bg2 O-O 8. O-O Nbd7 9. Nc3 a6 10. cxd5 exd5 11. Rc1 Re8 12. Ne2 Nc5 $146 ({RR} 12... c6 13. Ned4 Rc8 14. Qc2 a5 15. Rfd1 Ne5 16. Nxe5 Bxe5 17. Nf3 Bxb2 18. Qxb2 Qd6 19. d4 Re7 20. Rc2 Rec7 21. Rdc1 Ne4 22. Nd2 Nxd2 23. Rxd2 Ba6 24. Rdc2 g6 25. Rc3 f5 26. Qd2 Kg7 27. Bf3 {Lenderman,A (2572)-Mekhitarian,K (2537) chess.com INT 2023 1-0 (59)}) ({RR} 12... Rc8 13. Nf4 Bf8 14. d4 Ne4 15. Rc2 Qf6 16. Ne5 Nxe5 17. dxe5 Qf5 18. Bh3 Qg5 19. Bxc8 Rxc8 20. Nxd5 h5 21. f3 Bxd5 22. Qxd5 Qxe3+ 23. Kg2 Ng5 24. Bc1 {1-0 (24) Karthik,R (2346)-Fuentes,A (2088) chess.com INT 2025}) 13. Qc2 a5 14. Rfd1 Ne6 15. Ned4 Nxd4 16. Nxd4 c5 17. Nf5 Bf8 18. d4 g6 19. Nh4 Rc8 20. dxc5 Rxc5 21. Qd3 Qe7 22. Rxc5 bxc5 23. Bxf6 Qxf6 24. Bxd5 Bxd5 25. Qxd5 Be7 26. Qc4 Qb2 27. a4 Bxh4 28. gxh4 Qf6 29. Rd5 Rb8 30. Rxc5 Rb4 31. Rc8+ Kg7 32. Qc3 Qxc3 33. Rxc3 Rxh4 34. Rc5 Rb4 35. Rb5 Rg4+ 36. Kh1 Kf6 37. Rxa5 Rb4 38. Rb5 Rxb5 39. axb5 Ke6 40. Kg2 Kd6 41. Kf3 Kc5 42. Ke4 f6 43. b6 Kxb6 44. Kd5 Kb5 45. Ke6 f5 46. Kf6 Kb4 47. Kg7 Kxb3 48. Kxh7 Kc3 49. Kxg6 1-0

[Event "Titled Tue 14th Feb Early"]
[Site "chess.com INT"]
[Date "2023.02.14"]
[Round "9"]
[White "Pantsulaia, L."]
[Black "Bortnyk, Olexandr"]
[Result "1-0"]
[WhiteElo "2597"]
[BlackElo "2605"]
[PlyCount "113"]
[EventDate "2023.02.14"]

1. Nf3 Nf6 2. g3 d6 3. Bg2 g6 4. b3 Bg7 5. Bb2 O-O 6. d4 a5 7. c4 Bf5 ({RR} 7... a4 8. b4 c6 9. O-O Ne4 10. a3 Nd7 11. Nfd2 Nxd2 12. Nxd2 Nb6 13. Qc2 d5 14. c5 Nd7 15. f4 Nf6 16. h3 h5 17. e3 Bf5 18. Qd1 Qc8 19. Kh2 Kh7 20. Qe1 Kg8 21. Nf3 Be4 22. Qe2 {Daneshvar,B (2591)-Praggnanandhaa,R (2740) Samarkand UZB 2023 0-1 (69)}) ({RR} 7... a4 8. O-O axb3 9. axb3 Rxa1 10. Bxa1 e5 11. dxe5 Ng4 12. Nc3 Nxe5 13. Nxe5 Bxe5 14. f4 Bg7 15. Nd5 c6 16. Bxg7 Kxg7 17. Qd4+ f6 18. Nc3 Qe7 19. Rd1 Rd8 20. b4 Be6 21. e4 Rd7 22. b5 {Chatalbashev,B (2448)-Ochsner,B (2518) Svendborg DEN 2024 1-0 (99)}) ({RR} 7... a4 8. Nc3 a3 9. Bc1 c5 10. e3 cxd4 11. Nxd4 Bg4 12. Qc2 Qb6 13. h3 Bd7 14. O-O Nc6 15. Nxc6 Bxc6 16. Bxc6 Qxc6 17. Rb1 d5 18. Nb5 dxc4 19. bxc4 Rfc8 20. Nxa3 Ne4 21. h4 g5 22. h5 {Gatterer,F (2170)-Bortnyk,O (2605) chess.com INT 2023 0-1}) 8. Nc3 Ne4 9. O-O $146 ({RR} 9. Nh4 Nxc3 10. Bxc3 Bc8 11. Qd2 c5 12. O-O cxd4 13. Bxd4 Bxd4 14. Qxd4 Nc6 15. Qe3 a4 16. Nf3 Ra5 17. Nd4 Re5 18. Nxc6 bxc6 19. Qd2 Qb6 20. b4 Ba6 21. Rfc1 Rb8 22. Rab1 d5 23. b5 cxb5 {Teske,H (2475)-Singer,R (2170) Frohnleiten 1998 1-0}) 9... Nxc3 10. Bxc3 Be4 11. Bh3 Bxf3 12. exf3 c5 13. Qd2 Nc6 14. d5 Bxc3 15. Qxc3 Nd4 16. Rfe1 a4 17. b4 a3 18. bxc5 dxc5 19. Rab1 b6 20. Re3 Ra4 21. Bf1 Qd6 22. Rbe1 Qf6 23. Kg2 Ra7 24. Qc1 Rfa8 25. h4 h5 26. f4 Nf5 27. Re5 Nd4 28. Bd3 Rd7 29. Qb1 Kf8 30. f5 gxf5 31. Bxf5 Rd6 32. Bd3 Nf3 33. Rxh5 Nxe1+ 34. Qxe1 Ke8 35. Qe3 Kd7 36. Rf5 Qg7 37. Qf4 Rf8 38. Bc2 Qb2 39. Ba4+ Kc7 40. Rxf7 Rxf7 41. Qxf7 Qe2 42. Qe8 Qe4+ 43. Kh2 Qe2 44. Kg2 Qe4+ 45. Kh2 Qf5 46. Qxe7+ Kc8 47. Qxd6 Qxf2+ 48. Kh3 Qf5+ 49. Kg2 Qe4+ 50. Kh2 Qe2+ 51. Kh3 Qf1+ 52. Kg4 Qxc4+ 53. Qf4 Qxa2 54. Qf8+ Kb7 55. Bc6+ Kc7 56. Qe7+ Kb8 57. Qb7# 1-0

[Event "Titled Tue 14th Feb Late"]
[Site "chess.com INT"]
[Date "2023.02.14"]
[Round "6"]
[White "Yu Yangyi"]
[Black "Indjic, A."]
[Result "1-0"]
[WhiteElo "2729"]
[BlackElo "2641"]
[PlyCount "77"]
[EventDate "2023.02.14"]

1. Nf3 d5 2. g3 c6 3. Bg2 Bg4 4. h3 Bh5 5. O-O Nd7 6. d4 e6 7. c4 Ngf6 8. cxd5 exd5 9. Ne5 Bg6 10. Nc3 Bd6 11. f4 Be4 12. Bxe4 Nxe4 13. Nxe4 dxe4 14. Qb3 Bxe5 15. fxe5 $146 ({RR} 15. dxe5 Nb6 16. Qb4 Qd5 17. b3 O-O-O 18. Be3 Qe6 19. Kh2 f6 20. Qxe4 fxe5 21. fxe5 Rd5 22. Bd4 Nd7 23. Rf2 Re8 24. Raf1 Qg6 25. Qe3 b6 26. b4 Nxe5 27. Rf8 Rdd8 28. Rxe8 Rxe8 29. Bxe5 Qh5 {Giri,A (2749)-Maghsoodloo,P (2740) Wijk aan Zee NED 2024 ½-½ (63)}) 15... O-O 16. Qxb7 Nb6 17. Be3 Nd5 18. Bc1 Nb6 19. e3 Qg5 20. Kg2 Nd5 21. Qxc6 Rac8 22. Qxd5 Rc2+ 23. Rf2 Rxf2+ 24. Kxf2 Qf5+ 25. Ke1 Rc8 26. Qb7 h5 27. Bd2 Qxh3 28. Qxe4 Qxg3+ 29. Ke2 h4 30. Rf1 h3 31. e6 f6 32. Qf3 Qg6 33. Qf5 Qg2+ 34. Rf2 Qh1 35. e7 Re8 36. Qe6+ Kh7 37. Qf7 Rxe7 38. Qxe7 h2 39. Qd6 1-0

[Event "Titled Tue 14th Feb Late"]
[Site "chess.com INT"]
[Date "2023.02.14"]
[Round "7"]
[White "Nakamura, Hi"]
[Black "Kravtsiv, M."]
[Result "1-0"]
[WhiteElo "2768"]
[BlackElo "2598"]
[PlyCount "53"]
[EventDate "2023.02.14"]

1. Nf3 d5 2. g3 Nf6 3. Bg2 c5 4. d3 Nc6 5. Nbd2 e5 6. e4 d4 7. Nc4 Qc7 8. a4 Be6 9. b3 ({RR} 9. O-O Be7 10. Ng5 Bxc4 11. dxc4 h6 12. Nh3 O-O-O 13. f4 Kb8 14. Nf2 h5 15. Nd3 Ng4 16. Qe2 Ka8 17. Bf3 Ne3 18. Bxe3 dxe3 19. Qxe3 h4 20. Bg2 hxg3 21. hxg3 exf4 22. gxf4 g5 23. e5 gxf4 {Amin,B (2680)-Bellahcene,B (2528) Dubai 2021 ½-½ (123)}) 9... b6 $146 ({RR} 9... Be7 10. O-O Nd7 11. Ng5 Bxg5 12. Bxg5 f6 13. Bd2 O-O-O 14. a5 g5 15. f4 gxf4 16. gxf4 Rhg8 17. Kh1 Rg7 18. f5 Bf7 19. Bf3 Rgg8 20. Rg1 Ndb8 21. Qe1 Rxg1+ 22. Qxg1 Rg8 23. Qf2 Qe7 24. Rg1 {Mazurkiewicz,M (2145)-Hulka,V (2310) chess.com INT 2023 1-0 (65)}) ({RR} 9... Be7 10. Ng5 Bg4 11. f3 Bh5 12. h4 h6 13. Nh3 Nd7 14. Nf2 O-O-O 15. Bh3 Kb8 16. Bf5 Nb6 17. Na3 a6 18. Bd2 Rdf8 19. a5 Na8 20. Nc4 g6 21. Bh3 f5 22. O-O g5 23. exf5 gxh4 24. g4 {Forgas Moreno,Y (2265)-Rodriguez Dominguez,M (2011) Pinar del Rio CUB 2024 1-0 (47)}) 10. O-O h6 11. Nh4 g6 12. f4 Nd7 13. Na3 exf4 14. gxf4 Qd8 15. Qe1 Be7 16. Nf5 gxf5 17. exf5 Bxf5 18. Bxc6 Kf8 19. Kh1 Qc8 20. Bf3 Nf6 21. Nc4 Rg8 22. Ne5 Ng4 23. Rg1 h5 24. h3 Nxe5 25. Qxe5 Rxg1+ 26. Kxg1 Rb8 27. Qh8# 1-0

[Event "Titled Tue 14th Feb Late"]
[Site "chess.com INT"]
[Date "2023.02.14"]
[Round "10"]
[White "Nakamura, Hi"]
[Black "Terry, R."]
[Result "1-0"]
[WhiteElo "2768"]
[BlackElo "2520"]
[PlyCount "91"]
[EventDate "2023.02.14"]

1. Nf3 d5 2. g3 Nf6 3. Bg2 c6 4. d3 Bg4 5. O-O Nbd7 6. Qe1 e5 7. e4 dxe4 8. dxe4 Qc7 9. Nbd2 Be7 10. a4 O-O 11. Nc4 Be6 12. Qe2 h6 13. Nh4 $146 ({RR} 13. Bd2 b5 14. axb5 cxb5 15. Ne3 Bc5 16. Ba5 Qc6 17. Nd2 Rfc8 18. c3 Rab8 19. Rfd1 b4 20. Nf5 {1-0 (20) Gonda,L (2536)-Antipov,M (2435) Budapest 2012}) 13... Rfe8 14. b3 Rad8 15. Bb2 Bf8 16. Rfd1 g6 17. Nf3 Bxc4 18. Qxc4 Bg7 19. h4 Ng4 20. Bh3 Ndf6 21. Qe2 Bf8 22. Ne1 h5 23. Nd3 Bd6 24. f3 Nh6 25. Kg2 Kh7 26. Rd2 Nfg8 27. Rad1 f6 28. Bc3 Kg7 29. Nb2 Nf7 30. Nc4 Bc5 31. Rd7 Qb8 32. Na5 Rxd7 33. Rxd7 Re7 34. Qd3 Bd4 35. Bxd4 Rxd7 36. Bxd7 exd4 37. Qxd4 Ne5 38. f4 Qd8 39. fxe5 Qxa5 40. Bc8 fxe5 41. Qd7+ Kh6 42. Qd6 Qe1 43. Qf8+ Kh7 44. Qf7+ Kh6 45. Bh3 Qxe4+ 46. Kh2 1-0

[Event "Titled Tue 14th Feb Late"]
[Site "chess.com INT"]
[Date "2023.02.14"]
[Round "11"]
[White "Yu Yangyi"]
[Black "Li, Ruifeng"]
[Result "1-0"]
[WhiteElo "2729"]
[BlackElo "2541"]
[PlyCount "97"]
[EventDate "2023.02.14"]

1. Nf3 d6 2. d4 g6 3. g3 Bg7 4. Bg2 c6 5. O-O b5 ({RR} 5... Nd7 6. e4 Qc7 7. c4 Nh6 8. Nc3 O-O 9. b3 Re8 10. h3 e5 11. Be3 f6 12. Qd2 Nf7 13. Rac1 f5 14. d5 c5 15. exf5 gxf5 16. Ng5 Nxg5 17. Bxg5 Nf6 18. b4 b6 19. Nb5 Qd8 20. bxc5 {Kasimdzhanov,R (2640)-Lanchava,T (2370) Vlissingen 2004 1-0 (60)}) ({RR} 5... Nh6 6. e4 f6 7. c3 Nf7 8. Qb3 Na6 9. Re1 Nc7 10. a4 a5 11. Na3 e5 12. Be3 Qe7 13. d5 O-O 14. Rad1 Kh8 15. Nc4 cxd5 16. exd5 e4 17. Bb6 f5 18. Bxa5 Nxd5 19. Rxd5 Be6 20. Qb5 {Kudsin,A (1812)-Langaditis,S (1764) Germany 2015 1-0 (44)}) 6. b3 Bb7 7. Bb2 Nf6 8. Re1 $146 ({RR} 8. Nbd2 Nbd7 9. c4 a6 10. e4 O-O 11. Qc2 Rc8 12. Rac1 Re8 13. Rfd1 e5 14. dxe5 dxe5 15. Nf1 Qe7 16. Ne3 h6 17. c5 Red8 18. b4 Ne8 19. Bh3 Rc7 20. Rd2 Bc8 21. Rcd1 f6 22. Bg2 Ra7 {Da Costa,R-Tavares,R Belem 2011 1-0}) 8... O-O 9. e4 a5 10. Nbd2 Na6 11. a3 Nd7 12. e5 dxe5 13. dxe5 Ndc5 14. Qe2 Nc7 15. Rad1 Qc8 16. Ne4 N7e6 17. Nd4 Nxd4 18. Bxd4 Ne6 19. Nc5 Nxc5 20. Bxc5 Qe6 21. Qd3 Bc8 22. h4 h5 23. Qe4 Bb7 24. Qd4 Bc8 25. a4 b4 26. Bf1 Ba6 27. Bxa6 Rxa6 28. Qd7 Qxd7 29. Rxd7 Re8 30. f4 Bf8 31. Red1 e6 32. Bxf8 Kxf8 33. Rc7 Kg8 34. Rdd7 Rf8 35. Kf2 Raa8 36. Rxc6 Rac8 37. Rcc7 Rxc7 38. Rxc7 Rd8 39. Ke2 Rd5 40. Rb7 Rc5 41. Kd2 Rd5+ 42. Kc1 Rc5 43. Rb5 Rc3 44. Rxa5 Rxg3 45. Rb5 Rg4 46. a5 Rxf4 47. a6 Rf1+ 48. Kb2 Rd1 49. a7 1-0

[Event "PRO League Prelim 2023"]
[Site "chess.com INT"]
[Date "2023.02.17"]
[Round "1.2"]
[White "Nakamura, Hi"]
[Black "Svane, Frederik"]
[Result "1-0"]
[WhiteElo "2768"]
[BlackElo "2575"]
[PlyCount "91"]
[EventDate "2023.02.14"]
[WhiteTeam "Gotham Knights"]
[BlackTeam "Berlin Bears"]

1. Nf3 d5 2. g3 e6 3. Bg2 c5 4. d3 Nf6 5. Nbd2 Nc6 6. e4 Be7 7. O-O O-O 8. Re1 b5 9. e5 Nd7 10. Nf1 a5 11. h4 Ba6 12. h5 h6 ({RR} 12... b4 13. h6 g6 14. N1h2 a4 15. Ng4 Nd4 16. c4 dxc4 17. dxc4 Bxc4 18. Nxd4 cxd4 19. Qxd4 Bd5 20. Bxd5 Nb6 21. Ne3 Ra5 22. Rd1 Nxd5 23. Qe4 Qa8 24. Nxd5 Rxd5 25. Rxd5 exd5 26. Qd4 Rc8 27. e6 {Markos,J (2602)-Leitao,R (2649) Tromsoe 2014 ½-½ (55)}) 13. N1h2 Qc7 14. Bf4 ({RR} 14. Ng4 Rfc8 15. Bf4 Qd8 16. c3 b4 17. Qd2 Bf8 18. Rac1 a4 19. a3 bxa3 20. bxa3 Rab8 21. c4 Rb3 22. Rc3 Rxc3 23. Qxc3 Nb6 24. Nd2 Nd4 25. Qc1 Nb3 26. Nxb3 axb3 27. d4 cxd4 28. Bxh6 gxh6 {Schoorl,R (2341)-Shankland,S (2671) chess.com INT 2024 0-1 (37)}) ({RR} 14. Ng4 Rfc8 15. Bf4 Bf8 16. Qd2 Qd8 17. Ngh2 Nd4 18. g4 Be7 19. g5 hxg5 20. Nxg5 c4 21. dxc4 Rxc4 22. b3 Rxc2 23. Qxd4 Bxg5 24. Ng4 b4 25. h6 Rac8 26. hxg7 R8c4 27. bxc4 Rxc4 28. Qa7 Rxf4 {Svane,F (2438)-Sawlin,L (2385) Chess.com INT 2021 0-1 (36)}) 14... Rfc8 15. g4 $146 ({RR} 15. Qd2 Bf8 16. g4 Nd4 17. g5 hxg5 18. Bxg5 Nf5 19. Bh3 Bb7 20. Bxf5 exf5 21. Qf4 Re8 22. Qxf5 Ra6 23. Ng4 d4 24. Bf4 Bxf3 25. e6 Raxe6 26. Bxc7 Rxe1+ 27. Rxe1 Rxe1+ 28. Kh2 Rh1+ 29. Kg3 Bxg4 {Vastrukhin,O (2401)-Sawlin,L (2385) Chess.com INT 2020 1-0 (44)}) 15... Qd8 16. Kh1 b4 17. Qc1 a4 18. b3 Nd4 19. Qd2 Nxf3 20. Nxf3 Bb7 21. g5 hxg5 22. Nxg5 axb3 23. cxb3 Ra6 24. Rac1 Rca8 25. Rc2 Qe8 26. Qe2 Nxe5 27. Bxe5 Bxg5 28. Rxc5 f6 29. Qg4 Rc8 30. Bd4 Rxc5 31. Bxc5 e5 32. f4 Bh6 33. fxe5 fxe5 34. Rf1 Qe6 35. Rf8+ Kh7 36. Qxe6 Rxe6 37. Bh3 Rc6 38. Bf5+ g6 39. hxg6+ Kg7 40. Rf7+ Kg8 41. Rxb7 Rxc5 42. Be6+ Kf8 43. Rf7+ Ke8 44. g7 Rc1+ 45. Kh2 Rc2+ 46. Kh3 1-0

[Event "PRO League Prelim 2023"]
[Site "chess.com INT"]
[Date "2023.02.17"]
[Round "1.3"]
[White "Nakamura, Hi"]
[Black "Kollars, Dmitrij"]
[Result "1-0"]
[WhiteElo "2768"]
[BlackElo "2606"]
[PlyCount "127"]
[EventDate "2023.02.14"]
[WhiteTeam "Gotham Knights"]
[BlackTeam "Berlin Bears"]

1. Nf3 d5 2. g3 g6 3. Bg2 Bg7 4. d3 e5 5. O-O Nc6 6. e4 dxe4 7. dxe4 Qxd1 8. Rxd1 Bg4 9. c3 Nf6 10. h3 Be6 11. Nbd2 ({RR} 11. Ng5 Bd7 12. Nd2 h6 13. Ngf3 O-O-O 14. Re1 ({RR} 14. b4 Be6 15. Bb2 Nd7 16. a4 a5 17. b5 Ncb8 18. c4 f6 19. Nh4 Bf7 20. f4 Nc5 21. fxe5 fxe5 22. Rf1 Be8 23. Bc3 b6 24. Nhf3 Rd3 25. Rfc1 Rf8 26. Bb2 g5 27. Rc3 Rd6 28. Nb3 Nbd7) 14... Be6 15. Bf1 Nd7 16. Nb3 a5 17. Be3 a4 18. Nbd2 Bf8 19. b4 axb3 20. axb3 Bc5 21. Bxc5 Nxc5 22. b4 Nd7 23. Nc4 f6 24. Ra8+ Ncb8 25. Rea1 Nb6 {Carlsen,M (2828)-Wei,Y (2758) Warsaw, Poland 2024 1-0 (58)}) ({RR} 11. Ng5 Bd7 12. Nd2 h6 13. Ngf3 O-O-O 14. Re1 Be6 15. Bf1 Ne8 16. Kg2 Nd6 17. b4 Rhe8 18. Nh4 g5 19. Nhf3 f5 20. b5 Na5 21. exf5 Bd5 22. g4 c5 23. bxc6 Nxc6 24. Bb2 e4 25. Nd4 e3+ {Petriashvili,N (2450)-Lumachi,G (2450) Trieste ITA 2025 ½-½ (39)}) 11... Bh6 $146 ({RR} 11... h6 12. Bf1 O-O-O 13. Re1 a5 14. Bc4 Rhe8 15. Bxe6+ Rxe6 16. Nb3 b6 17. a4 Ne8 18. Be3 Nd6 19. Nfd2 f5 20. f3 h5 21. Rad1 Rf8 22. g4 hxg4 23. hxg4 Bf6 24. Kg2 fxg4 25. fxg4 Rh8 26. Rh1 {Theodorou,N (2566)-Rozman,L (2343) Las Vegas 2021 ½-½ (40)}) 12. b4 O-O-O 13. Bb2 Nd7 14. a4 a5 15. b5 Ncb8 16. Bf1 f6 17. Nc4 b6 18. Ba3 Bf8 19. Ne3 Bxa3 20. Rxa3 Nc5 21. Nd2 Rd7 22. c4 Rhd8 23. Nd5 f5 24. f3 Kb7 25. Bg2 fxe4 26. fxe4 Rd6 27. Rf1 Nbd7 28. Nb1 Bxd5 29. cxd5 Rf6 30. Rc1 Rdf8 31. Nd2 Rf2 32. Rd1 R2f7 33. Nc4 Rf2 34. Nd2 R2f7 35. Bf3 Nf6 36. Kg2 Ne8 37. Nc4 Re7 38. Rc1 Nd7 39. Bg4 Ndf6 40. Rf3 Rh8 41. d6 cxd6 42. Nxd6+ Nxd6 43. Rxf6 Ne8 44. Rff1 h5 45. Be2 Nd6 46. Rf6 Rd8 47. Rc6 Nc8 48. Bc4 Rd2+ 49. Kf3 Rc7 50. Bd5 Kb8 51. Rxg6 Rd3+ 52. Kg2 Rd2+ 53. Kg1 Rd3 54. Kf2 Rd2+ 55. Ke3 Rg2 56. Kf3 Rc2 57. h4 Rc3+ 58. Kg2 R7xc6 59. Rxc6 Rxc6 60. Bxc6 Nd6 61. g4 hxg4 62. h5 Kc7 63. h6 Kd8 64. Bd5 1-0

[Event "PRO League Prelim 2023"]
[Site "chess.com INT"]
[Date "2023.02.16"]
[Round "1.5"]
[White "Jones, G."]
[Black "Santos Ruiz, Miguel"]
[Result "1-0"]
[WhiteElo "2617"]
[BlackElo "2587"]
[PlyCount "83"]
[EventDate "2023.02.14"]
[WhiteTeam "Norway Gnomes"]
[BlackTeam "Spanish Maniac Shrimps"]

1. Nf3 d5 2. g3 g6 3. Bg2 Bg7 4. O-O e5 5. d3 Nc6 6. Nc3 Nge7 7. e4 dxe4 8. dxe4 Qxd1 9. Rxd1 Bg4 10. Be3 a6 ({RR} 10... O-O 11. Nb5 Rac8 12. h3 Be6 13. Ng5 Bc4 14. a4 f6 15. Na3 Be2 16. Rd2 fxg5 17. Rxe2 Nd4 18. Rd2 h6 19. Rad1 Nec6 20. Kh1 Rf7 21. Bf1 Kh7 22. Bc4 Rf6 23. Nb5 a6 24. Nc3 Nb4 25. Nd5 {Jones,G (2618)-Potkin,V (2564) chess.com INT 2023 1-0 (32)}) 11. Rd2 Rd8 12. Rxd8+ $146 ({RR} 12. Nd5 Nxd5 13. exd5 Bxf3 14. Bxf3 Nd4 15. Be4 Nb5 16. c4 Nd6 17. Bd3 O-O 18. c5 Nf5 19. Bxf5 gxf5 20. Rad1 e4 21. d6 cxd6 22. Rxd6 Rc8 23. b4 Bc3 24. a3 Bb2 25. Rb1 Be5 26. Rd7 Rb8 {Bok,B (2596)-Christiansen,J (2661) chess.com INT 2024 1-0 (47)}) 12... Kxd8 13. Ng5 Ke8 14. Nd5 Nxd5 15. exd5 Nd4 16. Bxd4 exd4 17. d6 Kd7 18. Bxb7 Rb8 19. Bxa6 Kxd6 20. Nxf7+ Ke7 21. Bc4 Rxb2 22. Re1+ Kf8 23. Ng5 Bf6 24. Nxh7+ Kg7 25. Nxf6 Kxf6 26. Bb3 Bf5 27. Rc1 c5 28. Kf1 Be6 29. Bxe6 Kxe6 30. Ke2 Rxa2 31. Kd2 c4 32. Rb1 Kd5 33. f3 d3 34. Rc1 Kd4 35. Kd1 c3 36. cxd3 Kxd3 37. Ke1 Rxh2 38. Rxc3+ Kxc3 39. Kf1 Kd3 40. Kg1 Rf2 41. Kxf2 Kd4 42. Ke2 1-0

[Event "Titled Tue 21st Feb Early"]
[Site "chess.com INT"]
[Date "2023.02.21"]
[Round "5"]
[White "Nakamura, Hi"]
[Black "Livaic, Leon"]
[Result "1-0"]
[WhiteElo "2768"]
[BlackElo "2571"]
[PlyCount "90"]
[EventDate "2023.02.21"]

1. Nf3 Nf6 2. g3 e6 3. Bg2 d5 4. O-O Be7 5. d3 O-O 6. Nbd2 c5 7. e4 Nc6 8. Re1 b5 9. e5 Nd7 10. Nf1 a5 11. h4 b4 12. h5 h6 13. Bf4 a4 14. a3 bxa3 ({RR} 14... Ba6 15. Ne3 Re8 16. c4 bxc3 17. bxc3 Rb8 18. c4 Nb6 19. Nh2 Bg5 20. cxd5 exd5 21. Nf5 Re6 22. Rc1 Qf8 23. Bxg5 hxg5 24. Ng4 Ne7 25. Qf3 Bc8 26. Nd6 Nc6 27. Rxc5 Nxe5 28. Nxe5 Rxd6 29. Rb5 {Nakamura,H (2802)-Aronian,L (2729) chess.com INT 2024 1-0 (37)}) 15. bxa3 Nd4 ({RR} 15... Rb8 16. Ne3 Ba6 17. c4 dxc4 18. Nxc4 Bb5 19. Qd2 Nb6 20. Rac1 Nxc4 21. dxc4 Ba6 22. Bxh6 Rb3 23. Be3 Na5 24. Bf1 Rxa3 25. Qc2 Bb7 26. Be2 Qa8 27. Nh2 Be4 28. Qb2 Rb3 29. Qa2 Nc6 30. Ra1 {Lin,Y (2393)-Lazaro Azcutia,M (2176) Roquetas de Mar ESP 2025 ½-½ (54)}) 16. c4 $146 ({RR} 16. Nxd4 cxd4 17. Qd2 Qc7 18. Nh2 Ba6 19. Ng4 Rfc8 20. Bxh6 Qxc2 21. Qf4 gxh6 22. Nxh6+ Kh8 23. Qxf7 Qxd3 24. Qxe7 Qh7 25. Qxe6 Re8 26. Nf7+ Kg8 27. Qxd7 Qxf7 28. Bxd5 {1-0 (28) Salman,P (2287)-Barash,A (2138) Chess.com INT 2022}) 16... Nb3 17. Rb1 Nb6 18. N3d2 Nxd2 19. Qxd2 Ra6 20. Qc2 Bg5 21. Be3 d4 22. Bxg5 Qxg5 23. Qe2 Nd7 24. f4 Qe7 25. Nd2 f6 26. Nf3 fxe5 27. Nxe5 Nxe5 28. Qxe5 Bd7 29. Rb7 Qd6 30. Bh3 Qxe5 31. Rxe5 Be8 32. Bxe6+ Kh8 33. Rb8 g5 34. Bd5 Kg7 35. Rexe8 Rxe8 36. Rxe8 gxf4 37. gxf4 Rf6 38. Re7+ Kh8 39. Ra7 Rxf4 40. Be4 Rh4 41. Bg6 Rg4+ 42. Kf2 Rh4 43. Rxa4 Rh3 44. Ra7 Kg8 45. a4 Rh2+ 1-0